=LDR 00000nam 2200000 4500 =001 INLIS00000000000018 =005 20260702043538 =020 ##$$a 978-623-8356-01-0 =082 ##$$a 012.414 =100 1#$$a Allah, Hamba =245 1 $$a Berlindung Kepada Allah Dari Lemah Hati /$c Hamba Allah =300 ##$$a 128 ; 13,5 cm X 20,5 cm